Элитное инженерно-техническое образование; Инженерное образование; № 1
| Parent link: | Инженерное образование: электронный научный журнал/ Ассоциация инженерного образования России (АИОР).— : [Б. и.], 2003-.— 1810-2883 № 1.— 2003.— [С. 15-19] |
|---|---|
| Hovedforfatter: | |
| Andre forfattere: | |
| Summary: | Заглавие с титульного листа The paper aims at the conception and real plan of modification of up-to-date system for higher education. The elite experts play an outstanding role in the all fields of human activities. They are the leaders of the progress. Analysis of the experience of the high level technical universities shows the main principles of elite education. And the hard problem arises: how to create a subsystem for elite education inside the usual system for the higher education for tens thousand of students. The main aim is to create the competition medium as for students as for teachers. The structure proposed consists of three biannual cycles: preparatory (1st and 2nd year), fundamental (3rd and 4th year), and specialization (5th and 6th year). But it is not enough. It is proposed to divide each cycle into several steps. The higher is the step the higher are the educational program and motivation of the students from one side and the professors from the other one. |
| Sprog: | russisk |
| Udgivet: |
2003
|
| Serier: | Инновационный университет |
| Fag: | |
| Online adgang: | https://old.aeer.ru/files/io/m1/Vaisburg_Chubik.pdf |
| Format: | MixedMaterials Electronisk Book Chapter |
| KOHA link: | https://koha.lib.tpu.ru/cgi-bin/koha/opac-detail.pl?biblionumber=505953 |
MARC
| LEADER | 00000naa2a2200000 4500 | ||
|---|---|---|---|
| 001 | 505953 | ||
| 005 | 20250520152629.0 | ||
| 035 | |a (RuTPU)RU\TPU\prd\176800 | ||
| 035 | |a RU\TPU\prd\176799 | ||
| 090 | |a 505953 | ||
| 100 | |a 20130425d2003 k y0rusy50 ca | ||
| 101 | 0 | |a rus | |
| 102 | |a RU | ||
| 135 | |a drnn ---uucaa | ||
| 181 | 0 | |a i | |
| 182 | 0 | |a b | |
| 200 | 1 | |a Элитное инженерно-техническое образование |b Электронный ресурс |f Д. И. Вайсбурд, П. С. Чубик | |
| 203 | |a Текст |c электронный | ||
| 215 | |a 1 файл (4671 Кб) | ||
| 225 | 1 | |a Инновационный университет | |
| 230 | |a Электронные текстовые данные (1 файл : 4671 Кб) | ||
| 300 | |a Заглавие с титульного листа | ||
| 320 | |a [Библиогр.: с. 19 (1 назв.)] | ||
| 330 | |a The paper aims at the conception and real plan of modification of up-to-date system for higher education. The elite experts play an outstanding role in the all fields of human activities. They are the leaders of the progress. Analysis of the experience of the high level technical universities shows the main principles of elite education. And the hard problem arises: how to create a subsystem for elite education inside the usual system for the higher education for tens thousand of students. The main aim is to create the competition medium as for students as for teachers. The structure proposed consists of three biannual cycles: preparatory (1st and 2nd year), fundamental (3rd and 4th year), and specialization (5th and 6th year). But it is not enough. It is proposed to divide each cycle into several steps. The higher is the step the higher are the educational program and motivation of the students from one side and the professors from the other one. | ||
| 337 | |a Adobe Reader | ||
| 461 | 1 | |0 (RuTPU)RU\TPU\prd\176632 |x 1810-2883 |t Инженерное образование |o электронный научный журнал |f Ассоциация инженерного образования России (АИОР) |n [Б. и.] |d 2003- | |
| 463 | 1 | |0 (RuTPU)RU\TPU\prd\176674 |t № 1 |v [С. 15-19] |d 2003 | |
| 610 | 1 | |a российское образование | |
| 610 | 1 | |a инженерно-техническое образование | |
| 610 | 1 | |a элитное образование | |
| 610 | 1 | |a труды учёных ТПУ | |
| 610 | 1 | |a электронный ресурс | |
| 700 | 1 | |a Вайсбурд |b Д. И. |c российский физик |c профессор, директор Центра новых технологий Томского политехнического университета |f 1937-2007 |g Давид Израйлевич |2 stltpush |3 (RuTPU)RU\TPU\pers\19773 | |
| 701 | 1 | |a Чубик |b П. С. |c российский геолог |c профессор, ректор Томского политехнического университета (с 2008 г.) |f 1954- |g Петр Савельевич |2 stltpush |3 (RuTPU)RU\TPU\pers\24546 | |
| 801 | 1 | |a RU |b 63413507 |c 20090623 |g PSBO | |
| 801 | 2 | |a RU |b 63413507 |c 20130425 |g PSBO | |
| 856 | 4 | |u https://old.aeer.ru/files/io/m1/Vaisburg_Chubik.pdf | |
| 942 | |c BK | ||